UBT Library

The importance of what we care about : (Record no. 47376)

000 -LEADER
fixed length control field 00614pam a2200229 a 4500
001 - CONTROL NUMBER
control field 2422886
005 - DATE AND TIME OF LATEST TRANSACTION
control field 20180829040533.0
008 - FIXED-LENGTH DATA ELEMENTS--GENERAL INFORMATION
fixed length control field 870902s1988 enk b 000 0 eng
010 ## - LIBRARY OF CONGRESS CONTROL NUMBER
LC control number 87026941
020 ## - INTERNATIONAL STANDARD BOOK NUMBER
International Standard Book Number 0521333245
020 ## - INTERNATIONAL STANDARD BOOK NUMBER
International Standard Book Number 0521336112 (pbk.)
040 ## - CATALOGING SOURCE
Original cataloging agency DLC
Transcribing agency DLC
Modifying agency DLC
041 ## - LANGUAGE CODE
Language code of text/sound track or separate title eng
080 ## - UNIVERSAL DECIMAL CLASSIFICATION NUMBER
Universal Decimal Classification number 128
082 00 - DEWEY DECIMAL CLASSIFICATION NUMBER
Classification number 128
Edition number 19
100 1# - Rafti
Rafti 2,
101 ## - Shkurtesa
Shkurtesa shm
245 14 - TITLE STATEMENT
Title The importance of what we care about :
Statement of responsibility, etc Harry G. Frankfurt.
504 ## - BIBLIOGRAPHY, ETC. NOTE
Bibliography, etc Includes bibliographical references.
906 ## - LOCAL DATA ELEMENT F, LDF (RLIN)
a 7
b cbc
c orignew
d 1
e ocip
f 19
g y-gencatlg
942 ## - ADDED ENTRY ELEMENTS (KOHA)
Source of classification or shelving scheme
Item type Books
Holdings
Withdrawn status Lost status Source of classification or shelving scheme Damaged status Not for loan Collection code Permanent location Current location Shelving location Date acquired Total Checkouts Full call number Barcode Date last seen Price effective from Koha item type
          Koleksioni i përgjithshem UBT - Lipjan UBT - Lipjan Koleksioni i përgjithshem 08/29/2018   128 fra 002-3011986 08/29/2018 08/29/2018 Books
UBT Library © 2015-2024. All rights reserved University Education for Business and Technology